header

Improving access to HIV/AIDS medicines in Africa (Record no. 37814)

MARC details
000 -LEADER
fixed length control field 01814nam a22003854a 4500
082 04 - DEWEY DECIMAL CLASSIFICATION NUMBER
Classification number 362.196/9188061
100 1# - MAIN ENTRY--AUTHOR NAME
Personal name Osewe, Patrick L.
245 10 - TITLE STATEMENT
Title Improving access to HIV/AIDS medicines in Africa
260 ## - PUBLICATION, DISTRIBUTION, ETC. (IMPRINT)
Place of publication Washington, DC :
Name of publisher World Bank,
Year of publication c2008.
300 ## - PHYSICAL DESCRIPTION
Number of Pages xv, 65 p. :
Other physical details ill.
505 0# - FORMATTED CONTENTS NOTE
Formatted contents note Overview of the TRIPS agreement and flexibilities -- Local production: experiences in four African countries -- Conclusions and recommendations.
650 #0 - SUBJECT ADDED ENTRY--TOPICAL TERM
Topical Term Antiretroviral agents
Topical Term Antiretroviral agents
700 1# - ADDED ENTRY--PERSONAL NAME
Personal name Nkrumah, Yvonne K.
Personal name Sackey, Emmanuel K.
856 40 - ELECTRONIC LOCATION AND ACCESS
Uniform Resource Identifier http://site.ebrary.com/lib/rucke/Doc?id=10237215

No items available.

© 2026 Rongo University
Contact us: librarian | system librarian | Rongo university